000
00285nam a22001337a 4500
008
170505b xxu||||| |||| 00| 0 eng d
020
_a
9781422478431
041
_a
eng
080
_a
343.9
100
_a
15
101
_a
SHJ
245
_a
SKILLS & VALUES
_c
KAY, S.L
942
_2
udc
_c
BK
999
_c
12767
_d
12767